| 000 | 00400nam a2200157Ia 4500 | ||
|---|---|---|---|
| 008 | 230312s9999||||xx |||||||||||||| ||und|| | ||
| 020 | _a0470689790 | ||
| 082 |
_a721.046 _bPET-E |
||
| 100 | _aPeters;Terri | ||
| 245 | 0 | _aExperimental Green Strategies | |
| 260 |
_bWiley.com _aEngland _c2011 |
||
| 300 | _a137 | ||
| 546 | _aEng. | ||
| 650 |
_aArchitecture _vExperimental Green Strategies |
||
| 942 | _cBK | ||
| 999 |
_c8260 _d8260 |
||